عرض عادي
عرض مارك
- الاقتصاد الجزئي .
مدخل مصطلح موضوعي
001 - رقم الضبط
- حقل الضبط: 19812
003 - معرف رقم الضبط
- حقل الضبط: OSt
005 - تاريخ ووقت أخر عملية
- حقل الضبط: 20130127085918.0
008 - عناصر بيانات ثابتة الطول
- حقل تحكم ثابت الطول: 130127|||a|||||| | ||| d
040 ## - مصدر الفهرسة
- هيئة الفهرسة الأصلية: OSt
- وكالة الكتابة: OSt
150 ## - مدخل-- مصطلح تاريخي
- عنصر مدخل المصطلح الموضوعي او الاسم الجغرافي: الاقتصاد الجزئي .
670 ## - بيانات المصدر موجوده
- الاستشهاد بالمصدر: Work cat.: (OSt): خليفي، عيسى 19788, مبادئ الاقتصاد الجزئي /, 2013
